[Event "VIE-ch U20 Girls"]
[Site "Hanoi"]
[Date "2022.06.15"]
[Round "6"]
[White "Vuong, Quynh Anh"]
[Black "Dao, Le Bao Ngan"]
[Result "1/2-1/2"]
[WhiteElo "2069"]
[BlackElo "2061"]
[PlyCount "52"]
[EventDate "2022.06.11"]
[EventType "swiss"]
[EventRounds "7"]
[EventCountry "VIE"]
[SourceTitle "EXT 2023"]
[Source "ChessBase"]
[SourceDate "2022.10.05"]
[SourceVersion "1"]
[SourceVersionDate "2022.10.05"]
[SourceQuality "1"]

1. d4 d5 2. Nf3 Nc6 3. Bf4 Nf6 4. e3 Bf5 5. Bd3 Bxd3 6. Qxd3 e6 7. 0-0 Be7 8. c3 0-0 9. Nbd2 Qd7 10. e4 dxe4 11. Nxe4 Nxe4 12. Qxe4 Rac8 13. Rae1 Rfe8 14. Re2 Bf6 15. Be5 Bxe5 16. Nxe5 Nxe5 17. Qxe5 b6 18. Rd2 c5 19. Rfd1 cxd4 20. Rxd4 Qb7 21. Qe4 Qxe4 22. Rxe4 Rcd8 23. Ree1 Kf8 24. Kf1 Ke7 25. Ke2 Rxd1 26. Rxd1 Rc8 1/2-1/2

[Event "VIE-ch U20 Girls"]
[Site "Hanoi"]
[Date "2022.06.13"]
[Round "4"]
[White "Vuong, Quynh Anh"]
[Black "Nguyen, Thi Phuong Thy"]
[Result "0-1"]
[WhiteElo "2069"]
[BlackElo "2055"]
[PlyCount "122"]
[EventDate "2022.06.11"]
[EventType "swiss"]
[EventRounds "7"]
[EventCountry "VIE"]
[SourceTitle "EXT 2023"]
[Source "ChessBase"]
[SourceDate "2022.10.05"]
[SourceVersion "1"]
[SourceVersionDate "2022.10.05"]
[SourceQuality "1"]

1. Nf3 Nf6 2. g3 g6 3. Bg2 Bg7 4. 0-0 d6 5. d4 0-0 6. Re1 Nbd7 7. e4 e5 8. c3 a5 9. b3 Re8 10. Nbd2 c6 11. Bb2 Qc7 12. dxe5 dxe5 13. Qc2 b6 14. Rad1 Ba6 15. c4 Red8 16. Nf1 Ne8 17. a3 Nc5 18. Bh3 Qe7 19. Kg2 h6 20. b4 Nb7 21. Ne3 axb4 22. axb4 Qxb4 23. Bxe5 Nbd6 24. Bxg7 Kxg7 25. Ne5 Bb7 26. Rb1 Qa5 27. Nd7 Bc8 28. Nxb6 Bxh3+ 29. Kxh3 Rab8 30. c5 Nb5 31. Ra1 Qb4 32. Reb1 Qd4 33. Rd1 Qe5 34. Ra4 Nec7 35. Rxd8 Rxd8 36. f4 Qh5+ 37. Kg2 Nd4 38. Qf2 Qxc5 39. Nbc4 Ncb5 40. e5 Kh7 41. Ra5 Qe7 42. Ng4 Qe6 43. Nf6+ Kg7 44. Ne3 Nb3 45. Ra2 c5 46. Rc2 N5d4 47. Rc4 Qc6+ 48. Kh3 Qe6+ 49. Kg2 Rc8 50. h4 Rd8 51. h5 Nc6 52. Ne4 Nca5 53. Ra4 Qc6 54. Qa2 c4 55. Kf3 Nd4+ 56. Kf2 Qxe4 57. Rxa5 Qf3+ 58. Kg1 Qxe3+ 59. Qf2 Nf3+ 60. Kf1 Rd1+ 61. Kg2 Rd2 0-1

[Event "Eastern Asia-ch U16 Girls"]
[Site "Tornelo INT"]
[Date "2021.10.23"]
[Round "5"]
[White "Vuong, Quynh Anh"]
[Black "Anushka, Gupta"]
[Result "0-1"]
[WhiteElo "1650"]
[BlackElo "1130"]
[PlyCount "190"]
[EventDate "2021.10.22"]
[EventType "swiss"]
[EventRounds "9"]
[EventCountry "NET"]
[SourceTitle "EXT 2023"]
[Source "ChessBase"]
[SourceDate "2022.10.05"]
[SourceVersion "1"]
[SourceVersionDate "2022.10.05"]
[SourceQuality "1"]

1. Nf3 Nf6 2. g3 c5 3. Bg2 Nc6 4. d4 cxd4 5. Nxd4 d5 6. 0-0 e6 7. c3 Be7 8. Nd2 0-0 9. N2b3 Bd7 10. Be3 Ne5 11. Nd2 Rc8 12. Rc1 b5 13. N4f3 Nc4 14. Nxc4 bxc4 15. b4 Qc7 16. a4 Ne4 17. Nd2 Nd6 18. Qc2 f5 19. Nf3 Ne4 20. Bf4 Bd6 21. Bxd6 Qxd6 22. Rfd1 Qc7 23. Nd2 Qe5 24. Nxe4 fxe4 25. Bxe4 Bxa4 26. Bxh7+ Kh8 27. Qxa4 Kxh7 28. Qxa7 Ra8 29. Qd4 Qf5 30. Rf1 Ra2 31. Rce1 Rc2 32. e4 dxe4 33. Rxe4 Rf7 34. Rf4 Qg6 35. Rxf7 Qxf7 36. Qxc4 Qf3 37. Qh4+ Kg6 38. c4 Re2 39. Qd8 e5 40. b5 e4 41. Qb6+ Kh7 42. Qd4 e3 43. Qh4+ Kg6 44. g4 exf2+ 45. Qxf2 Qxg4+ 46. Kh1 Rxf2 47. Rxf2 Qxc4 48. b6 Qc6+ 49. Rg2+ Kh6 50. h3 Qxb6 51. Kh2 g5 52. Kh1 Qe3 53. Kh2 Kh5 54. Rg3 Qf2+ 55. Rg2 Qf4+ 56. Kh1 Kg6 57. Kg1 Qe3+ 58. Kh2 Kf5 59. Kh1 Kf4 60. Kh2 Qe1 61. Rg4+ Kf5 62. Rg2 Qe5+ 63. Rg3 Kf4 64. Rg4+ Kf3+ 65. Kh1 Qe3 66. Kh2 Qf2+ 67. Kh1 Qd2 68. Rg1 Qd7 69. Kh2 Qd2+ 70. Kh1 Kf4 71. Rg4+ Kf5 72. Rg2 Qe1+ 73. Kh2 Kg6 74. Rg1 Qf2+ 75. Rg2 Qf4+ 76. Kh1 Kh5 77. Kg1 Qe5 78. Rg4 Qe3+ 79. Kh2 Qf3 80. Rg2 Kg6 81. Rg4 Kf6 82. Rg2 Kf5 83. Rg4 Qb3 84. Rg2 Qb8+ 85. Kh1 Qh8 86. Kh2 Kf4 87. Rg4+ Kf5 88. Rg2 Qh4 89. Rg4 Qf2+ 90. Rg2 Qf4+ 91. Kg1 Ke5 92. Kh1 Ke4 93. Rg4 Kf3 94. Rxf4+ gxf4 95. h4 Ke2 0-1

[Event "VIE-ch (Women)"]
[Site "Hanoi"]
[Date "2020.10.09"]
[Round "7"]
[White "Dang, Bich Ngoc"]
[Black "Vuong, Quynh Anh"]
[Result "1-0"]
[WhiteElo "2153"]
[BlackElo "1776"]
[PlyCount "57"]
[EventDate "2020.10.05"]
[EventType "swiss"]
[EventRounds "9"]
[EventCountry "VIE"]
[SourceTitle "EXT 2022"]
[Source "ChessBase"]
[SourceDate "2021.10.06"]
[SourceVersion "1"]
[SourceVersionDate "2021.10.06"]
[SourceQuality "1"]

1. Nf3 Nf6 2. g3 d5 3. Bg2 c5 4. c4 e6 5. 0-0 Nc6 6. cxd5 exd5 7. d4 Be6 8. Nc3 Be7 9. dxc5 Bxc5 10. Na4 Be7 11. Nd4 0-0 12. Nxc6 bxc6 13. Be3 Qa5 14. Rc1 Rfc8 15. Bc5 Bxc5 16. Rxc5 Qa6 17. b4 Nd7 18. Ra5 Qc4 19. Qd2 Qg4 20. Rc1 Ne5 21. Nb2 a6 22. f4 Nd7 23. Nd3 Bf5 24. Nf2 Qg6 25. e4 dxe4 26. g4 Bxg4 27. Rg5 Qe6 28. Nxg4 f6 29. Qxd7 1-0

[Event "VIE-ch (Women)"]
[Site "Hanoi"]
[Date "2020.10.08"]
[Round "5"]
[White "Vuong, Quynh Anh"]
[Black "Nguyen, Tran Ngoc Thuy"]
[Result "1-0"]
[WhiteElo "1776"]
[BlackElo "1874"]
[PlyCount "81"]
[EventDate "2020.10.05"]
[EventType "swiss"]
[EventRounds "9"]
[EventCountry "VIE"]
[SourceTitle "EXT 2022"]
[Source "ChessBase"]
[SourceDate "2021.10.06"]
[SourceVersion "1"]
[SourceVersionDate "2021.10.06"]
[SourceQuality "1"]

1. d4 d5 2. Nf3 Nf6 3. e3 e6 4. Bd3 c5 5. c3 Nbd7 6. Nbd2 Bd6 7. 0-0 Qc7 8. h3 e5 9. dxe5 Bxe5 10. e4 dxe4 11. Nxe4 0-0 12. Nxe5 Qxe5 13. Re1 Qc7 14. Bg5 Qc6 15. Nxf6+ Nxf6 16. Bxf6 Qxf6 17. Qh5 h6 18. Qxc5 Be6 19. Be4 Rad8 20. Qe3 b6 21. b3 Bd5 22. Bxd5 Rxd5 23. Rad1 Rxd1 24. Rxd1 Rd8 25. Rxd8+ Qxd8 26. Qd4 Qg5 27. a4 Qc1+ 28. Kh2 Qc2 29. Qc4 Qxf2 30. b4 Qf5 31. Qc7 a5 32. b5 Qg5 33. Qxb6 Qf4+ 34. Kh1 Qc1+ 35. Qg1 Qxc3 36. Qb1 Qc7 37. b6 Qb7 38. Qb5 g5 39. Qc5 Qe4 40. Qc7 g4 41. b7 1-0

[Event "VIE-ch U15 Girls"]
[Site "Hanoi"]
[Date "2020.??.??"]
[Round "5"]
[White "Luong, Hoang Tu Linh"]
[Black "Vuong, Quynh Anh"]
[Result "1-0"]
[WhiteElo "1703"]
[BlackElo "1776"]
[PlyCount "65"]
[EventDate "2020.10.22"]
[EventType "tourn"]
[EventRounds "7"]
[EventCountry "VIE"]
[SourceTitle "EXT 2022"]
[Source "ChessBase"]
[SourceDate "2021.10.06"]
[SourceVersion "1"]
[SourceVersionDate "2021.10.06"]
[SourceQuality "1"]

1. d4 Nf6 2. Nf3 d5 3. g3 e6 4. c4 Be7 5. Bg2 Nbd7 6. Qc2 0-0 7. 0-0 b6 8. cxd5 Nxd5 9. e4 Nb4 10. Qc3 Bb7 11. a3 Na6 12. Qe3 c5 13. Nc3 cxd4 14. Nxd4 e5 15. Nf5 Bc5 16. Qe2 Nc7 17. Rd1 Ne6 18. Qg4 Kh8 19. Nxg7 Nf6 20. Qh4 Nd4 21. Bg5 Be7 22. Nf5 Rg8 23. Nxe7 Rxg5 24. Qxg5 Qxe7 25. Rac1 Rg8 26. Qe3 Ba6 27. Rxd4 Ng4 28. Qd2 exd4 29. Qxd4+ Qe5 30. Rd1 Qxd4 31. Rxd4 Ne5 32. f4 Nc4 33. Bf1 1-0

[Event "VIE-chT (Women)"]
[Site "Ho Chi Minh City"]
[Date "2019.10.01"]
[Round "8.22"]
[White "Vuong, Quynh Anh"]
[Black "Mai, Hieu Linh"]
[Result "1-0"]
[WhiteElo "1776"]
[BlackElo "1344"]
[PlyCount "125"]
[EventDate "2019.09.26"]
[EventType "swiss"]
[EventRounds "9"]
[EventCountry "VIE"]
[SourceTitle "EXT 2020"]
[Source "ChessBase"]
[SourceDate "2019.10.17"]
[SourceVersion "1"]
[SourceVersionDate "2019.10.17"]
[SourceQuality "1"]

1. d4 Nf6 2. c4 c6 3. Bf4 d5 4. e3 Bf5 5. Qb3 Qc8 6. Nc3 e6 7. cxd5 exd5 8. Rc1 a6 9. Be2 Be7 10. Bf3 Qd7 11. Na4 Bd8 12. Nc5 Ba5+ 13. Ke2 Qe7 14. Qxb7 Qxb7 15. Nxb7 Bb4 16. h3 Kd7 17. g4 Be4 18. g5 Bxf3+ 19. Nxf3 Ne4 20. Ne5+ Kc8 21. Nxf7 Re8 22. Nbd6+ Bxd6 23. Nxd6+ Nxd6 24. Bxd6 Kd7 25. Bxb8 Raxb8 26. Rc2 Rb6 27. h4 Reb8 28. b3 Re8 29. f4 Re7 30. Kd3 Rb8 31. Rf2 Rbe8 32. Rh3 Rf8 33. Kc3 g6 34. h5 a5 35. hxg6 hxg6 36. Kd3 Ke6 37. Rfh2 Kf5 38. Rh7 Re6 39. R2h3 Rfe8 40. Rg3 R6e7 41. Rh1 Ra8 42. Ke2 a4 43. b4 a3 44. Kd3 Rb7 45. Rb1 Rab8 46. Rb3 Rxb4 47. Rxa3 Rb1 48. Ra6 Rd1+ 49. Ke2 Rbb1 50. Rg2 Ke4 51. Rxc6 Re1+ 52. Kf2 Rf1+ 53. Kg3 Kxe3 54. Re6+ Kxd4 55. Rxg6 Rfe1 56. Rf6 Re3+ 57. Kg4 Re8 58. g6 Rg8 59. Kf5 Ke3 60. Rg3+ Ke2 61. g7 d4 62. Rf8 d3 63. Rxg8 1-0

[Event "Wch U14 Girls"]
[Site "Porto Carras"]
[Date "2018.10.28"]
[Round "9.21"]
[White "Vuong, Quynh Anh"]
[Black "Brunner, Sophia"]
[Result "1/2-1/2"]
[WhiteElo "1747"]
[BlackElo "1812"]
[PlyCount "137"]
[EventDate "2018.10.20"]
[EventType "swiss"]
[EventRounds "11"]
[EventCountry "GRE"]
[SourceTitle "CBM 187 Extra"]
[Source "ChessBase"]
[SourceDate "2018.11.04"]
[SourceVersion "1"]
[SourceVersionDate "2018.11.04"]
[SourceQuality "1"]

1. d4 Nf6 2. c4 c5 3. d5 b5 4. cxb5 a6 5. e3 d6 6. Nc3 axb5 7. Bxb5+ Bd7 8. Bxd7+ Nbxd7 9. Nf3 g6 10. 0-0 Bg7 11. h3 0-0 12. e4 Qb6 13. Re1 Rfb8 14. Rb1 Ne8 15. Bd2 Nc7 16. Bg5 Kf8 17. Qd2 Qa5 18. Bh6 Nb5 19. Nxb5 Qxd2 20. Bxg7+ Kxg7 21. Nxd2 Rxb5 22. a3 Ne5 23. Re3 Rab8 24. b3 Ra8 25. Ra1 Rba5 26. a4 Rb5 27. Rc1 Rb4 28. f4 Nd7 29. Nc4 Rab8 30. Rcc3 Ra8 31. Kf2 Nb6 32. Nxb6 Rxb6 33. Kf3 Rb4 34. Ke2 Ra7 35. Kd2 Rd4+ 36. Rcd3 Rb4 37. Rc3 Rd4+ 38. Kc2 Rb4 39. g3 Kg8 40. Re1 Kg7 41. Ree3 Kg8 42. Kd2 Rd4+ 43. Ke2 Kg7 44. Kf3 Kg8 45. Rc1 Rb4 46. Ra1 Kf8 47. Ra3 Ke8 48. Rc3 Kd7 49. Ke3 Kc7 50. Kf3 Kb6 51. Ra1 Ka5 52. Rd1 Rab7 53. Rdd3 Rc7 54. Re3 c4 55. bxc4 Rcxc4 56. Rxc4 Rxc4 57. Rb3 Rc7 58. Rb8 Kxa4 59. Rf8 f6 60. Rf7 h5 61. h4 Kb4 62. Rg7 Kc4 63. Rxg6 Kd4 64. Rh6 Rc3+ 65. Kg2 Kxe4 66. Rxh5 Rc2+ 67. Kh3 Kf3 68. Rh7 Rc1 69. Kh2 1/2-1/2

[Event "Wch U14 Girls"]
[Site "Porto Carras"]
[Date "2018.10.27"]
[Round "8"]
[White "Tamrazyan, Gohar"]
[Black "Vuong, Quynh Anh"]
[Result "0-1"]
[WhiteElo "1824"]
[BlackElo "1747"]
[PlyCount "102"]
[EventDate "2018.10.20"]
[EventType "swiss"]
[EventRounds "11"]
[EventCountry "GRE"]
[SourceTitle "CBM 187 Extra"]
[Source "ChessBase"]
[SourceDate "2018.11.04"]
[SourceVersion "1"]
[SourceVersionDate "2018.11.04"]
[SourceQuality "1"]

1. Nf3 Nf6 2. e3 g6 3. b4 Bg7 4. Bb2 d5 5. c4 Bf5 6. cxd5 Qxd5 7. Nc3 Qd8 8. Nd4 Bg4 9. Be2 Bxe2 10. Qxe2 c6 11. 0-0 0-0 12. f4 Qd6 13. a3 e5 14. fxe5 Qxe5 15. Nf3 Qe7 16. d4 Ne4 17. Nxe4 Qxe4 18. Nd2 Qd5 19. Kh1 Qd6 20. Nc4 Qe7 21. e4 Nd7 22. Rae1 Nb6 23. Nxb6 axb6 24. e5 Rad8 25. Qc4 Rd5 26. Qb3 Rfd8 27. Re3 R8d7 28. Rfe1 Qe6 29. Qc2 Re7 30. Qc3 Qd7 31. Rf1 Qc7 32. Qb3 Qd8 33. Ref3 Red7 34. Qe3 Qe8 35. Qf2 c5 36. bxc5 bxc5 37. Rd1 cxd4 38. Bxd4 Bxe5 39. Rfd3 Bxd4 40. Rxd4 Rxd4 41. Rxd4 Rxd4 42. Qxd4 Qe1+ 43. Qg1 Qxg1+ 44. Kxg1 f5 45. Kf2 Kf7 46. Ke3 Ke6 47. Kf4 Kf6 48. h3 g5+ 49. Kf3 Ke5 50. g3 Kd4 51. h4 h6 0-1

[Event "VIE Cup (Women)"]
[Site "Bac Giang"]
[Date "2018.06.02"]
[Round "5"]
[White "Vuong, Quynh Anh"]
[Black "Than, Thi Ngoc Tuyet"]
[Result "1/2-1/2"]
[WhiteElo "1681"]
[BlackElo "1759"]
[PlyCount "48"]
[EventDate "2018.05.30"]
[EventType "swiss"]
[EventRounds "9"]
[EventCountry "VIE"]
[SourceTitle "CBM 184 Extra"]
[Source "ChessBase"]
[SourceDate "2018.06.28"]
[SourceVersion "1"]
[SourceVersionDate "2018.06.28"]
[SourceQuality "1"]

1. d4 d5 2. c4 dxc4 3. a4 e5 4. e3 Be6 5. Nf3 Nc6 6. Nc3 Bb4 7. Be2 Nf6 8. 0-0 exd4 9. exd4 0-0 10. Bg5 Be7 11. Bxf6 Bxf6 12. d5 Bxc3 13. dxe6 Bxb2 14. exf7+ Kh8 15. Bxc4 Bxa1 16. Qxa1 Qf6 17. Qb1 Nd8 18. h4 h6 19. Rc1 Nxf7 20. Bxf7 Rxf7 21. Qxb7 Raf8 22. Qxa7 Qb2 23. Qc5 Rxf3 24. gxf3 Rxf3 1/2-1/2

[Event "VIE Cup (Women)"]
[Site "Bac Giang"]
[Date "2018.05.31"]
[Round "2"]
[White "Doan, Thi Van Anh"]
[Black "Vuong, Quynh Anh"]
[Result "1-0"]
[WhiteElo "1968"]
[BlackElo "1681"]
[PlyCount "85"]
[EventDate "2018.05.30"]
[EventType "swiss"]
[EventRounds "9"]
[EventCountry "VIE"]
[SourceTitle "CBM 184 Extra"]
[Source "ChessBase"]
[SourceDate "2018.06.28"]
[SourceVersion "1"]
[SourceVersionDate "2018.06.28"]
[SourceQuality "1"]

1. d4 d5 2. c4 c6 3. Nf3 Nf6 4. Qc2 e6 5. Bg5 Nbd7 6. cxd5 exd5 7. e3 Qa5+ 8. Nc3 Ne4 9. Bd3 Nxg5 10. Nxg5 h6 11. Nf3 Bd6 12. a3 Nf6 13. h3 Be6 14. Ke2 Ng8 15. b4 Qd8 16. Na4 Ne7 17. Nc5 Bc8 18. Rab1 b6 19. Nb3 Bb7 20. Rhc1 Rc8 21. Nbd2 Qd7 22. Nh4 Rc7 23. Rb3 Qd8 24. Rc3 Qc8 25. Nb3 a6 26. Nf3 0-0 27. Rg1 f5 28. g3 Qe6 29. Qb1 Nc8 30. Nh4 Rcf7 31. g4 Ne7 32. Nxf5 Nxf5 33. gxf5 Qe7 34. Rg2 Qh4 35. Qg1 Re7 36. Kd2 Qxh3 37. Rg6 Qh2 38. Qxh2 Bxh2 39. f4 Rfe8 40. Rg2 Rxe3 41. Rxh2 Rf3 42. f6 gxf6 43. Bh7+ 1-0

[Event "VIE-ch (Women)"]
[Site "Bac Giang"]
[Date "2017.11.27"]
[Round "8"]
[White "Vuong, Quynh Anh"]
[Black "Nguyen, Thi Mai Hung"]
[Result "0-1"]
[WhiteElo "1609"]
[BlackElo "2321"]
[PlyCount "40"]
[EventDate "2017.11.23"]
[EventType "swiss"]
[EventRounds "9"]
[EventCountry "VIE"]
[SourceTitle "CBM 181 Extra"]
[Source "ChessBase"]
[SourceDate "2017.12.12"]
[SourceVersion "1"]
[SourceVersionDate "2017.12.12"]
[SourceQuality "1"]

1. Nf3 Nf6 2. g3 d5 3. Bg2 Bf5 4. d3 e6 5. 0-0 Be7 6. b3 0-0 7. Bb2 Nbd7 8. c4 c6 9. Nbd2 h6 10. Re1 Bh7 11. Ne5 a5 12. a3 Qb6 13. e4 Nxe5 14. Bxe5 Rfd8 15. Qc2 Ng4 16. Nf3 dxe4 17. dxe4 Bc5 18. Re2 Nxe5 19. Nxe5 Bd4 20. c5 Qc7 0-1

[Event "VIE-ch (Women)"]
[Site "Bac Giang"]
[Date "2017.11.26"]
[Round "5"]
[White "Vuong, Quynh Anh"]
[Black "Doan, Thi Van Anh"]
[Result "1-0"]
[WhiteElo "1609"]
[BlackElo "2038"]
[PlyCount "123"]
[EventDate "2017.11.23"]
[EventType "swiss"]
[EventRounds "9"]
[EventCountry "VIE"]
[SourceTitle "CBM 181 Extra"]
[Source "ChessBase"]
[SourceDate "2017.12.12"]
[SourceVersion "1"]
[SourceVersionDate "2017.12.12"]
[SourceQuality "1"]

1. Nf3 Nf6 2. g3 e6 3. Bg2 Be7 4. d4 d5 5. 0-0 0-0 6. Nbd2 b6 7. c4 Bb7 8. b3 a5 9. a4 Nbd7 10. Bb2 c5 11. e3 Rc8 12. Rc1 Re8 13. Qe2 Qc7 14. Ne5 dxc4 15. Ndxc4 Bxg2 16. Kxg2 Qb7+ 17. Qf3 Rc7 18. Rfd1 Rec8 19. Qxb7 Rxb7 20. Na3 Kf8 21. Nb5 Ne8 22. f4 f6 23. Nc4 Nc7 24. Nbd6 Bxd6 25. Nxd6 Rcb8 26. Nxb7 Rxb7 27. dxc5 Nxc5 28. Ba3 N7a6 29. Kf3 Kf7 30. Rc3 Nb4 31. Bxb4 axb4 32. Rc4 e5 33. Rxb4 e4+ 34. Rxe4 Nxe4 35. Kxe4 Re7+ 36. Kf3 Ke6 37. e4 Rc7 38. f5+ Ke7 39. Ke3 Rc2 40. h4 g6 41. Rd3 gxf5 42. exf5 h5 43. Kf4 Rf2+ 44. Rf3 Rb2 45. g4 hxg4 46. Kxg4 Kf7 47. Kh5 Rh2 48. Rc3 Rf2 49. Rc7+ Ke8 50. Kg6 Rf3 51. Kxf6 Rxb3 52. Rc8+ Kd7 53. Ra8 b5 54. axb5 Rxb5 55. h5 Rb6+ 56. Kg7 Rb3 57. f6 Rg3+ 58. Kf7 Rh3 59. Ra5 Rf3 60. Rd5+ Kc6 61. Rd1 Rh3 62. Kg7 1-0

[Event "VIE-ch (Women)"]
[Site "Bac Giang"]
[Date "2017.11.24"]
[Round "4"]
[White "Le, Thi Phuong Lien"]
[Black "Vuong, Quynh Anh"]
[Result "1/2-1/2"]
[WhiteElo "2058"]
[BlackElo "1609"]
[PlyCount "107"]
[EventDate "2017.11.23"]
[EventType "swiss"]
[EventRounds "9"]
[EventCountry "VIE"]
[SourceTitle "CBM 181 Extra"]
[Source "ChessBase"]
[SourceDate "2017.12.12"]
[SourceVersion "1"]
[SourceVersionDate "2017.12.12"]
[SourceQuality "1"]

1. e4 c6 2. d4 d5 3. Nd2 dxe4 4. Nxe4 Bf5 5. Ng3 Bg6 6. Nf3 Nd7 7. Bc4 e6 8. 0-0 Bd6 9. Bb3 Ngf6 10. Nh4 0-0 11. Nxg6 hxg6 12. Re1 Nb6 13. Bg5 Qc7 14. Qf3 Nh7 15. Bd2 Rad8 16. Ne4 Be7 17. Bf4 Qc8 18. Rad1 Nd5 19. Bg3 Ng5 20. Nxg5 Bxg5 21. h4 Bf6 22. c3 b5 23. h5 gxh5 24. Qxh5 g6 25. Qf3 Kg7 26. Re4 Rh8 27. Rde1 Rh5 28. Be5 Bxe5 29. dxe5 Rdh8 30. g3 Qd8 31. c4 bxc4 32. Rxc4 Qa5 33. Rcc1 Rf5 34. Qg2 Qd2 35. Rb1 Qg5 36. Bxd5 cxd5 37. f4 Qg4 38. Kf2 Rfh5 39. Rh1 Qf5 40. Ke3 d4+ 41. Kd2 Rh2 42. Rxh2 Rxh2 43. Qxh2 Qxb1 44. Qh4 Qxb2+ 45. Kd1 Qb1+ 46. Kd2 Qb4+ 47. Kd1 Qa4+ 48. Kd2 Qa5+ 49. Kd1 d3 50. Qf6+ Kg8 51. Qe7 Qa4+ 52. Ke1 Qa5+ 53. Kd1 Qb6 54. Kd2 1/2-1/2

[Event "Asia-ch U12 Girls"]
[Site "Ulaanbaatar"]
[Date "2016.04.08"]
[Round "3"]
[White "Mungunzul, Bat Erdene"]
[Black "Vuong, Quynh Anh"]
[Result "0-1"]
[WhiteElo "1779"]
[BlackElo "1425"]
[PlyCount "68"]
[EventDate "2016.04.06"]
[EventType "swiss"]
[EventRounds "9"]
[EventCountry "MGL"]
[SourceTitle "EXT 2017"]
[Source "ChessBase"]
[SourceDate "2016.10.25"]
[SourceVersion "1"]
[SourceVersionDate "2016.10.25"]
[SourceQuality "1"]

1. d4 Nf6 2. c4 g6 3. Nc3 d5 4. Nf3 Bg7 5. e3 0-0 6. Be2 dxc4 7. Bxc4 c5 8. 0-0 Bg4 9. Be2 Nc6 10. dxc5 Qc7 11. Nb5 Qd8 12. Qxd8 Rfxd8 13. h3 Bf5 14. Nfd4 Be4 15. Nxc6 bxc6 16. Nd4 Nd7 17. b4 a5 18. f3 Bd5 19. bxa5 Rxa5 20. Bd2 Ra4 21. Bd1 Rxd4 22. exd4 Bxd4+ 23. Kh1 Bxa1 24. a4 Bf6 25. a5 Bc4 26. Re1 Nxc5 27. Be3 Bd4 28. Bxd4 Rxd4 29. Bc2 e6 30. Kh2 Bb5 31. Kg3 Rd2 32. Rc1 Nd3 33. Bxd3 Rxd3 34. Ra1 Rd7 0-1